000 00509nam a22001937a 4500
005 20251108173552.0
008 250721s2007 xx 000 0 eng d
020 _a821366661
082 1 4 _aWB/368.3/ROC
100 1 _aRocha, Roberto
245 1 0 _aDeveloping Annuities Markets The Experience of Chile /
264 1 _aWashington :
_bThe World Bank,
_c2007.
300 _a251 P.
650 1 7 _aANNUITIES
700 1 _aRocha, Roberto
700 1 _aThorburn, Craig
942 _2ddc
_cBK
999 _c107020
_d107020